000 00546nam a2200169 4500
999 _c4196
_d4196
008 160827b xxu||||| |||| 00| 0 eng d
022 _a2094-8042
082 _aDPer 370.105 M72 Jan-Dec 2012 V. 60-61
100 _913829
_aGalan Jr., Liborio D
243 _aThe modern teacher
245 _aGAD seminar conducted/
_cLiborio D. Galan Jr.
260 _aPhilippines:
_bIn the Grade School, Inc.,
_c©2012.
300 _apages 410+;
_c28 cm.
500 _aThe Modern Teacher
650 0 _913830
_aSex Role
_xSeminar Workshop
942 _2ddc
_cPER